000 00566nam a2200217Ia 4500
005 20241129115758.0
008 241129s9999||||xx |||||||||||||| ||und||
020 _a9788171782024
037 _aTB
040 _aSDCL
_beng
_cSDCL
041 _ahin
_2hin
084 _aO152,3N47x R3
_qSDCL
100 _aPrakash Swayam
_9404145
245 0 _aAayenge Achche Din Bhi
260 _aDelhi
_bRajkamal Prakashan India
_c2023
300 _a149p.
365 _aINR
_b495
650 _aHindi
942 _cTB
_hO152,3N47x R3
999 _c1231975
_d1231975